Fr. Conceicao Rodrigues College of Engineering

Unix C- Programming (Record no. 24429)

MARC details
000 -LEADER
fixed length control field 00279nam a2200133Ia 4500
100 ## - MAIN ENTRY--PERSONAL NAME
Personal name Devignon/B.
245 ## - TITLE STATEMENT
Title Unix C- Programming
260 ## - PUBLICATION, DISTRIBUTION, ETC.
Name of publisher, distributor, etc. Galgotia Pub.
Place of publication, distribution, etc. NEW DELHI
Date of publication, distribution, etc. 1992
300 ## - PHYSICAL DESCRIPTION
Extent 429
546 ## - LANGUAGE NOTE
Language note ENGLISH
654 ## - SUBJECT ADDED ENTRY--FACETED TOPICAL TERMS
Focus term C- Programming
942 ## - ADDED ENTRY ELEMENTS (KOHA)
Koha item type BOOK
Holdings
Withdrawn status Lost status Damaged status Not for loan Collection Home library Current library Date acquired Total Checkouts Full call number Barcode Date last seen Price effective from Koha item type
        AFT Fr. Agnel's C.Rodrigues College of Engineering Fr. Agnel's C.Rodrigues College of Engineering 17/03/2023   AFT6256 17/03/2023 17/03/2023 BOOK